[Event "Irena Warakomska Memorial B"]
[Site "chessmanager.com"]
[Date "2018.08.05"]
[Round "6"]
[White "Reshetniak, Vitaliy"]
[Black "Szalko, Maciej"]
[Result "1/2-1/2"]
[Board "14"]
[WhiteElo "2085"]
[WhiteCountry "UKR"]
[WhiteFideId "14125250"]
[WhiteEloChange "-6"]
[BlackElo "1857"]
[BlackCountry "POL"]
[BlackFideId "1145614"]
[BlackEloChange "6"]

1. d4 {[%clk 1:30:30]} g6 {[%clk 1:30:30]} 2. c4 {[%clk 1:30:30]} c5 {[%clk
1:30:30]} 3. d5 {[%clk 1:30:30]} f5 {[%clk 1:30:30]} 4. Nc3 {[%clk 1:30:30]} Bg7
{[%clk 1:30:30]} 5. Qc2 {[%clk 1:30:30]} d6 {[%clk 1:30:30]} 6. Nf3 {[%clk
1:30:30]} Nf6 {[%clk 1:30:30]} 7. g3 {[%clk 1:30:30]} e5 {[%clk 1:30:30]} 8. dxe6
{[%clk 1:30:30]} Bxe6 {[%clk 1:30:30]} 9. Bg2 {[%clk 1:30:30]} Nc6 {[%clk
1:30:30]} 10. Bf4 {[%clk 1:30:30]} Nh5 {[%clk 1:30:30]} 11. Bg5 {[%clk 1:30:30]}
Qa5 {[%clk 1:30:30]} 12. O-O {[%clk 1:30:30]} O-O {[%clk 1:30:30]} 13. Bd2 {[%clk
1:30:30]} Rae8 {[%clk 1:30:30]} 14. Nb5 {[%clk 1:30:30]} Qd8 {[%clk 1:30:30]} 15.
Ng5 {[%clk 1:30:30]} Kh8 {[%clk 1:30:30]} 16. Nxe6 {[%clk 1:30:30]} Rxe6 {[%clk
1:30:30]} 17. e3 {[%clk 1:30:30]} Nf6 {[%clk 1:30:30]} 18. Nc3 {[%clk 1:30:30]}
h5 {[%clk 1:30:30]} 19. Nd5 {[%clk 1:30:30]} Ne4 {[%clk 1:30:30]} 20. Nf4 {[%clk
1:30:30]} Rfe8 {[%clk 1:30:30]} 21. Nxe6 {[%clk 1:30:30]} Rxe6 {[%clk 1:30:30]}
22. Rad1 {[%clk 1:30:30]} h4 {[%clk 1:30:30]} 23. Be1 {[%clk 1:30:30]} hxg3
{[%clk 1:30:30]} 24. hxg3 {[%clk 1:30:30]} Qf6 {[%clk 1:30:30]} 25. Qb3 {[%clk
1:30:30]} b6 {[%clk 1:30:30]} 26. Qa4 {[%clk 1:30:30]} Ne5 {[%clk 1:30:30]} 27.
f3 {[%clk 1:30:30]} Ng5 {[%clk 1:30:30]} 28. Bc3 {[%clk 1:30:30]} Qe7 {[%clk
1:30:30]} 29. f4 {[%clk 1:30:30]} Ng4 {[%clk 1:30:30]} 30. Bxg7+ {[%clk 1:30:30]}
Qxg7 {[%clk 1:30:30]} 31. fxg5 {[%clk 1:30:30]} Qh7 {[%clk 1:30:30]} 32. Rf3
{[%clk 1:30:30]} Qh2+ {[%clk 1:30:30]} 33. Kf1 {[%clk 1:30:30]} Nxe3+ {[%clk
1:30:30]} 34. Rxe3 {[%clk 1:30:30]} Rxe3 {[%clk 1:30:30]} 35. Qc6 {[%clk
1:30:30]} Qxg3 {[%clk 1:30:30]} 36. Qc8+ {[%clk 1:30:30]} Kh7 {[%clk 1:30:30]}
37. Qd7+ {[%clk 1:30:30]} Kh8 {[%clk 1:30:30]} 38. Qc8+ {[%clk 1:30:30]} Kh7
{[%clk 1:30:30]} 39. Qb7+ {[%clk 1:30:30]} Kh8 {[%clk 1:30:30]} 40. Qa8+ {[%clk
1:30:30]} Kh7 {[%clk 1:30:30]} 41. Qxa7+ {[%clk 1:30:30]} Kh8 {[%clk 1:30:30]}
42. Qa8+ {[%clk 1:30:30]} Kh7 {[%clk 1:30:30]} 43. Qd5 {[%clk 1:30:30]} Kg7
{[%clk 1:30:30]} 44. Qd2 {[%clk 1:30:30]} Qxg5 {[%clk 1:30:30]} 45. Qxd6 {[%clk
1:30:30]} Qg4 {[%clk 1:30:30]} 46. Rd2 {[%clk 1:30:30]} Qh4 {[%clk 1:30:30]} 47.
Rd1 {[%clk 1:30:30]} Qxc4+ {[%clk 1:30:30]} 48. Kg1 {[%clk 1:30:30]} Qg4 {[%clk
1:30:30]} 49. Qd8 {[%clk 1:30:30]} Re2 {[%clk 1:30:30]} 50. Rd7+ {[%clk 1:30:30]}
Kh6 {[%clk 1:30:30]} 51. Qh8+ {[%clk 1:30:30]} Kg5 {[%clk 1:30:30]} 52. Qd8+
{[%clk 1:30:30]} 1/2-1/2

[Event "Irena Warakomska Memorial B"]
[Site "chessmanager.com"]
[Date "2018.08.05"]
[Round "6"]
[White "Bartoszewicz, Marcin"]
[Black "Kumanovskiy, Evgeny"]
[Result "1-0"]
[Board "15"]
[WhiteElo "1907"]
[WhiteCountry "POL"]
[WhiteFideId "1131966"]
[WhiteEloChange "15"]
[BlackElo "2084"]
[BlackCountry "UKR"]
[BlackFideId "14105942"]
[BlackEloChange "-15"]

1. e4 {[%clk 1:30:30]} g6 {[%clk 1:30:30]} 2. d4 {[%clk 1:30:30]} Bg7 {[%clk
1:30:30]} 3. Nc3 {[%clk 1:30:30]} d6 {[%clk 1:30:30]} 4. f4 {[%clk 1:30:30]} a6
{[%clk 1:30:30]} 5. Be3 {[%clk 1:30:30]} b5 {[%clk 1:30:30]} 6. Bd3 {[%clk
1:30:30]} Bb7 {[%clk 1:30:30]} 7. a3 {[%clk 1:30:30]} Nd7 {[%clk 1:30:30]} 8. Nf3
{[%clk 1:30:30]} c5 {[%clk 1:30:30]} 9. dxc5 {[%clk 1:30:30]} Nxc5 {[%clk
1:30:30]} 10. O-O {[%clk 1:30:30]} Nf6 {[%clk 1:30:30]} 11. Bd4 {[%clk 1:30:30]}
O-O {[%clk 1:30:30]} 12. Qe2 {[%clk 1:30:30]} Nxd3 {[%clk 1:30:30]} 13. Qxd3
{[%clk 1:30:30]} Qc7 {[%clk 1:30:30]} 14. Rad1 {[%clk 1:30:30]} Rfd8 {[%clk
1:30:30]} 15. Qe2 {[%clk 1:30:30]} e6 {[%clk 1:30:30]} 16. Rfe1 {[%clk 1:30:30]}
Nd7 {[%clk 1:30:30]} 17. Qf2 {[%clk 1:30:30]} e5 {[%clk 1:30:30]} 18. fxe5 {[%clk
1:30:30]} dxe5 {[%clk 1:30:30]} 19. Be3 {[%clk 1:30:30]} Rac8 {[%clk 1:30:30]}
20. Ng5 {[%clk 1:30:30]} Rf8 {[%clk 1:30:30]} 21. Qh4 {[%clk 1:30:30]} Nf6 {[%clk
1:30:30]} 22. Rf1 {[%clk 1:30:30]} Rfd8 {[%clk 1:30:30]} 23. Rxd8+ {[%clk
1:30:30]} Rxd8 {[%clk 1:30:30]} 24. Rxf6 {[%clk 1:30:30]} Bxf6 {[%clk 1:30:30]}
25. Qxh7+ {[%clk 1:30:30]} 1-0

[Event "Irena Warakomska Memorial B"]
[Site "chessmanager.com"]
[Date "2018.08.05"]
[Round "6"]
[White "Widla, Piotr"]
[Black "Zolkiewski, Jakub"]
[Result "1-0"]
[Board "16"]
[WhiteElo "2100"]
[WhiteCountry "POL"]
[WhiteFideId "1132164"]
[WhiteEloChange "5"]
[BlackElo "1894"]
[BlackCountry "POL"]
[BlackFideId "1184695"]
[BlackEloChange "-5"]

1. e4 {[%clk 1:30:30]} e5 {[%clk 1:30:30]} 2. Nf3 {[%clk 1:30:30]} Nf6 {[%clk
1:30:30]} 3. Nxe5 {[%clk 1:30:30]} d6 {[%clk 1:30:30]} 4. Nf3 {[%clk 1:30:30]}
Nxe4 {[%clk 1:30:30]} 5. Nc3 {[%clk 1:30:30]} Nxc3 {[%clk 1:30:30]} 6. dxc3
{[%clk 1:30:30]} Be7 {[%clk 1:30:30]} 7. Be3 {[%clk 1:30:30]} Nc6 {[%clk
1:30:30]} 8. Bd3 {[%clk 1:30:30]} Be6 {[%clk 1:30:30]} 9. Nd4 {[%clk 1:30:30]}
Nxd4 {[%clk 1:30:30]} 10. cxd4 {[%clk 1:30:30]} d5 {[%clk 1:30:30]} 11. c3 {[%clk
1:30:30]} Bd6 {[%clk 1:30:30]} 12. Qb3 {[%clk 1:30:30]} Qc8 {[%clk 1:30:30]} 13.
Qc2 {[%clk 1:30:30]} Qd7 {[%clk 1:30:30]} 14. a4 {[%clk 1:30:30]} h6 {[%clk
1:30:30]} 15. f4 {[%clk 1:30:30]} f5 {[%clk 1:30:30]} 16. O-O {[%clk 1:30:30]}
O-O {[%clk 1:30:30]} 17. Rae1 {[%clk 1:30:30]} Qf7 {[%clk 1:30:30]} 18. Bc1
{[%clk 1:30:30]} Rae8 {[%clk 1:30:30]} 19. b3 {[%clk 1:30:30]} c5 {[%clk
1:30:30]} 20. Ba3 {[%clk 1:30:30]} Qc7 {[%clk 1:30:30]} 21. Bb5 {[%clk 1:30:30]}
Re7 {[%clk 1:30:30]} 22. c4 {[%clk 1:30:30]} b6 {[%clk 1:30:30]} 23. cxd5 {[%clk
1:30:30]} Bxd5 {[%clk 1:30:30]} 24. Bc4 {[%clk 1:30:30]} Bxc4 {[%clk 1:30:30]}
25. Qxc4+ {[%clk 1:30:30]} Kh8 {[%clk 1:30:30]} 26. dxc5 {[%clk 1:30:30]} bxc5
{[%clk 1:30:30]} 27. g3 {[%clk 1:30:30]} Rfe8 {[%clk 1:30:30]} 28. Rxe7 {[%clk
1:30:30]} Qxe7 {[%clk 1:30:30]} 29. Rd1 {[%clk 1:30:30]} Qe3+ {[%clk 1:30:30]}
30. Kg2 {[%clk 1:30:30]} Re4 {[%clk 1:30:30]} 31. Bc1 {[%clk 1:30:30]} Rxc4
{[%clk 1:30:30]} 32. Bxe3 {[%clk 1:30:30]} Rc2+ {[%clk 1:30:30]} 33. Kf3 {[%clk
1:30:30]} Bf8 {[%clk 1:30:30]} 34. Rd8 {[%clk 1:30:30]} Kg8 {[%clk 1:30:30]} 35.
Ra8 {[%clk 1:30:30]} Rc3 {[%clk 1:30:30]} 36. Ke2 {[%clk 1:30:30]} Kf7 {[%clk
1:30:30]} 37. Rxa7+ {[%clk 1:30:30]} Ke6 {[%clk 1:30:30]} 38. Rb7 {[%clk
1:30:30]} Kd5 {[%clk 1:30:30]} 39. Kd2 {[%clk 1:30:30]} Kc6 {[%clk 1:30:30]} 40.
Rb5 {[%clk 1:30:30]} 1-0

[Event "Irena Warakomska Memorial B"]
[Site "chessmanager.com"]
[Date "2018.08.05"]
[Round "6"]
[White "Matuszczyk, Mateusz"]
[Black "Gawronski, Miroslaw"]
[Result "1-0"]
[Board "17"]
[WhiteElo "1733"]
[WhiteCountry "POL"]
[WhiteFideId "21855463"]
[WhiteEloChange "17"]
[BlackElo "2058"]
[BlackCountry "POL"]
[BlackFideId "1106180"]
[BlackEloChange "-17"]

1. e4 {[%clk 1:30:30]} c5 {[%clk 1:30:30]} 2. Nf3 {[%clk 1:30:30]} e6 {[%clk
1:30:30]} 3. d4 {[%clk 1:30:30]} cxd4 {[%clk 1:30:30]} 4. Nxd4 {[%clk 1:30:30]}
a6 {[%clk 1:30:30]} 5. c4 {[%clk 1:30:30]} Qc7 {[%clk 1:30:30]} 6. Nc3 {[%clk
1:30:30]} b6 {[%clk 1:30:30]} 7. g3 {[%clk 1:30:30]} Bb7 {[%clk 1:30:30]} 8. Qe2
{[%clk 1:30:30]} Bc5 {[%clk 1:30:30]} 9. Be3 {[%clk 1:30:30]} f5 {[%clk 1:30:30]}
10. Bg2 {[%clk 1:30:30]} Nf6 {[%clk 1:30:30]} 11. e5 {[%clk 1:30:30]} Ng4 {[%clk
1:30:30]} 12. Ndb5 {[%clk 1:30:30]} axb5 {[%clk 1:30:30]} 13. Nxb5 {[%clk
1:30:30]} Bb4+ {[%clk 1:30:30]} 14. Bd2 {[%clk 1:30:30]} Bxd2+ {[%clk 1:30:30]}
15. Kxd2 {[%clk 1:30:30]} Qc5 {[%clk 1:30:30]} 16. Bxb7 {[%clk 1:30:30]} Nxe5
{[%clk 1:30:30]} 17. Bxa8 {[%clk 1:30:30]} O-O {[%clk 1:30:30]} 18. Rac1 {[%clk
1:30:30]} Qb4+ {[%clk 1:30:30]} 19. Kc2 {[%clk 1:30:30]} Nxc4 {[%clk 1:30:30]}
20. Kb1 {[%clk 1:30:30]} Rc8 {[%clk 1:30:30]} 21. Nc3 {[%clk 1:30:30]} Rc5 {[%clk
1:30:30]} 22. Bd5 {[%clk 1:30:30]} b5 {[%clk 1:30:30]} 23. Bxc4 {[%clk 1:30:30]}
bxc4 {[%clk 1:30:30]} 24. Rhd1 {[%clk 1:30:30]} Rc6 {[%clk 1:30:30]} 25. g4
{[%clk 1:30:30]} fxg4 {[%clk 1:30:30]} 26. Rd4 {[%clk 1:30:30]} g6 {[%clk
1:30:30]} 27. a3 {[%clk 1:30:30]} Qc5 {[%clk 1:30:30]} 28. Rxg4 {[%clk 1:30:30]}
d5 {[%clk 1:30:30]} 29. Qe3 {[%clk 1:30:30]} Qd6 {[%clk 1:30:30]} 30. Nb5 {[%clk
1:30:30]} Qe7 {[%clk 1:30:30]} 31. Nd4 {[%clk 1:30:30]} Rb6 {[%clk 1:30:30]} 32.
f4 {[%clk 1:30:30]} Nd7 {[%clk 1:30:30]} 33. f5 {[%clk 1:30:30]} e5 {[%clk
1:30:30]} 34. fxg6 {[%clk 1:30:30]} hxg6 {[%clk 1:30:30]} 35. Rcg1 {[%clk
1:30:30]} Nf8 {[%clk 1:30:30]} 36. Nf5 {[%clk 1:30:30]} Qb7 {[%clk 1:30:30]} 37.
Qxe5 {[%clk 1:30:30]} Qd7 {[%clk 1:30:30]} 38. Qxd5+ {[%clk 1:30:30]} Qxd5 {[%clk
1:30:30]} 39. Ne7+ {[%clk 1:30:30]} Kf7 {[%clk 1:30:30]} 40. Nxd5 {[%clk
1:30:30]} Ra6 {[%clk 1:30:30]} 41. Nf4 {[%clk 1:30:30]} 1-0

[Event "Irena Warakomska Memorial B"]
[Site "chessmanager.com"]
[Date "2018.08.05"]
[Round "6"]
[White "Binkis, Evgeniya"]
[Black "Halas, Przemyslaw"]
[Result "1-0"]
[Board "18"]
[WhiteElo "1723"]
[WhiteCountry "RUS"]
[WhiteFideId "44110863"]
[WhiteEloChange "16"]
[BlackElo "1964"]
[BlackCountry "POL"]
[BlackFideId "1122029"]
[BlackEloChange "-16"]

1. e4 {[%clk 1:30:30]} d6 {[%clk 1:30:30]} 2. d4 {[%clk 1:30:30]} Nf6 {[%clk
1:30:30]} 3. Bd3 {[%clk 1:30:30]} e5 {[%clk 1:30:30]} 4. c3 {[%clk 1:30:30]} Be7
{[%clk 1:30:30]} 5. Ne2 {[%clk 1:30:30]} c6 {[%clk 1:30:30]} 6. O-O {[%clk
1:30:30]} Nbd7 {[%clk 1:30:30]} 7. Ng3 {[%clk 1:30:30]} h5 {[%clk 1:30:30]} 8.
Nf5 {[%clk 1:30:30]} Rh7 {[%clk 1:30:30]} 9. Bg5 {[%clk 1:30:30]} Bf8 {[%clk
1:30:30]} 10. f4 {[%clk 1:30:30]} Qb6 {[%clk 1:30:30]} 11. Nd2 {[%clk 1:30:30]}
g6 {[%clk 1:30:30]} 12. Nc4 {[%clk 1:30:30]} Qc7 {[%clk 1:30:30]} 13. Nfxd6+
{[%clk 1:30:30]} Bxd6 {[%clk 1:30:30]} 14. fxe5 {[%clk 1:30:30]} Nxe5 {[%clk
1:30:30]} 15. dxe5 {[%clk 1:30:30]} Bc5+ {[%clk 1:30:30]} 16. Kh1 {[%clk
1:30:30]} Ng4 {[%clk 1:30:30]} 17. Qf3 {[%clk 1:30:30]} Be6 {[%clk 1:30:30]} 18.
Bf6 {[%clk 1:30:30]} Nxf6 {[%clk 1:30:30]} 19. exf6 {[%clk 1:30:30]} b5 {[%clk
1:30:30]} 20. Ne3 {[%clk 1:30:30]} Rd8 {[%clk 1:30:30]} 21. Bc2 {[%clk 1:30:30]}
Rd2 {[%clk 1:30:30]} 22. Bb3 {[%clk 1:30:30]} Rd3 {[%clk 1:30:30]} 23. Nd5 {[%clk
1:30:30]} cxd5 {[%clk 1:30:30]} 24. Qxd3 {[%clk 1:30:30]} dxe4 {[%clk 1:30:30]}
25. Qxe4 {[%clk 1:30:30]} Bd6 {[%clk 1:30:30]} 26. Bxe6 {[%clk 1:30:30]} fxe6
{[%clk 1:30:30]} 27. Qxe6+ {[%clk 1:30:30]} Kf8 {[%clk 1:30:30]} 28. Rae1 {[%clk
1:30:30]} Qd7 {[%clk 1:30:30]} 29. f7 {[%clk 1:30:30]} 1-0

[Event "Irena Warakomska Memorial B"]
[Site "chessmanager.com"]
[Date "2018.08.05"]
[Round "6"]
[White "Tylenda, Krzysztof"]
[Black "Kaminski, Maciej"]
[Result "1-0"]
[Board "19"]
[WhiteElo "1669"]
[WhiteCountry "POL"]
[WhiteFideId "1169165"]
[WhiteEloChange "16"]
[BlackElo "1919"]
[BlackCountry "POL"]
[BlackFideId "1175521"]
[BlackEloChange "-16"]

1. e4 {[%clk 1:30:30]} e5 {[%clk 1:30:30]} 2. Nf3 {[%clk 1:30:30]} Nc6 {[%clk
1:30:30]} 3. d4 {[%clk 1:30:30]} exd4 {[%clk 1:30:30]} 4. Bc4 {[%clk 1:30:30]}
Nf6 {[%clk 1:30:30]} 5. O-O {[%clk 1:30:30]} Nxe4 {[%clk 1:30:30]} 6. Re1 {[%clk
1:30:30]} d5 {[%clk 1:30:30]} 7. Bxd5 {[%clk 1:30:30]} Qxd5 {[%clk 1:30:30]} 8.
Nc3 {[%clk 1:30:30]} Qa5 {[%clk 1:30:30]} 9. Nxe4 {[%clk 1:30:30]} Be6 {[%clk
1:30:30]} 10. Neg5 {[%clk 1:30:30]} O-O-O {[%clk 1:30:30]} 11. Nxe6 {[%clk
1:30:30]} fxe6 {[%clk 1:30:30]} 12. Rxe6 {[%clk 1:30:30]} Bd6 {[%clk 1:30:30]}
13. Bg5 {[%clk 1:30:30]} Rde8 {[%clk 1:30:30]} 14. Rxe8+ {[%clk 1:30:30]} Rxe8
{[%clk 1:30:30]} 15. Qd2 {[%clk 1:30:30]} Qb5 {[%clk 1:30:30]} 16. Re1 {[%clk
1:30:30]} Ne5 {[%clk 1:30:30]} 17. Nxe5 {[%clk 1:30:30]} Bxe5 {[%clk 1:30:30]}
18. g3 {[%clk 1:30:30]} Rf8 {[%clk 1:30:30]} 19. Qe2 {[%clk 1:30:30]} Qxe2 {[%clk
1:30:30]} 20. Rxe2 {[%clk 1:30:30]} Rf5 {[%clk 1:30:30]} 21. f4 {[%clk 1:30:30]}
Bd6 {[%clk 1:30:30]} 22. Be7 {[%clk 1:30:30]} Kd7 {[%clk 1:30:30]} 23. Bxd6
{[%clk 1:30:30]} Kxd6 {[%clk 1:30:30]} 24. Kg2 {[%clk 1:30:30]} c5 {[%clk
1:30:30]} 25. Kf3 {[%clk 1:30:30]} Rf7 {[%clk 1:30:30]} 26. Re5 {[%clk 1:30:30]}
b5 {[%clk 1:30:30]} 27. Ke4 {[%clk 1:30:30]} a5 {[%clk 1:30:30]} 28. f5 {[%clk
1:30:30]} Rf6 {[%clk 1:30:30]} 29. Rd5+ {[%clk 1:30:30]} Kc6 {[%clk 1:30:30]} 30.
Rd8 {[%clk 1:30:30]} Rf7 {[%clk 1:30:30]} 31. Rc8+ {[%clk 1:30:30]} Kd6 {[%clk
1:30:30]} 32. Rd8+ {[%clk 1:30:30]} Kc7 {[%clk 1:30:30]} 33. Rd5 {[%clk 1:30:30]}
Kc6 {[%clk 1:30:30]} 34. g4 {[%clk 1:30:30]} b4 {[%clk 1:30:30]} 35. b3 {[%clk
1:30:30]} a4 {[%clk 1:30:30]} 36. g5 {[%clk 1:30:30]} axb3 {[%clk 1:30:30]} 37.
axb3 {[%clk 1:30:30]} Ra7 {[%clk 1:30:30]} 38. f6 {[%clk 1:30:30]} Ra8 {[%clk
1:30:30]} 39. f7 {[%clk 1:30:30]} Rf8 {[%clk 1:30:30]} 40. Rf5 {[%clk 1:30:30]}
Kd6 {[%clk 1:30:30]} 41. h4 {[%clk 1:30:30]} Ke6 {[%clk 1:30:30]} 42. h5 {[%clk
1:30:30]} g6 {[%clk 1:30:30]} 43. Rf6+ {[%clk 1:30:30]} Ke7 {[%clk 1:30:30]} 44.
hxg6 {[%clk 1:30:30]} hxg6 {[%clk 1:30:30]} 45. Kd5 {[%clk 1:30:30]} c4 {[%clk
1:30:30]} 46. Kxc4 {[%clk 1:30:30]} Rc8+ {[%clk 1:30:30]} 47. Kxd4 {[%clk
1:30:30]} Kf8 {[%clk 1:30:30]} 48. Rxg6 {[%clk 1:30:30]} Rxc2 {[%clk 1:30:30]}
49. Rf6 {[%clk 1:30:30]} Rc3 {[%clk 1:30:30]} 50. g6 {[%clk 1:30:30]} Rc8 {[%clk
1:30:30]} 51. Re6 {[%clk 1:30:30]} Rd8+ {[%clk 1:30:30]} 52. Ke5 {[%clk 1:30:30]}
Ra8 {[%clk 1:30:30]} 53. Kf6 {[%clk 1:30:30]} Ra6 {[%clk 1:30:30]} 54. g7# {[%clk
1:30:30]} 1-0

[Event "Irena Warakomska Memorial B"]
[Site "chessmanager.com"]
[Date "2018.08.05"]
[Round "6"]
[White "Jankowiak, Piotr"]
[Black "Haliniak, Wojciech"]
[Result "1-0"]
[Board "20"]
[WhiteElo "1902"]
[WhiteCountry "POL"]
[WhiteFideId "1185250"]
[WhiteEloChange "4"]
[BlackElo "1679"]
[BlackCountry "POL"]
[BlackFideId "21838461"]
[BlackEloChange "-4"]

1. d4 {[%clk 1:30:30]} d5 {[%clk 1:30:30]} 2. Bf4 {[%clk 1:30:30]} Nf6 {[%clk
1:30:30]} 3. Nf3 {[%clk 1:30:30]} c5 {[%clk 1:30:30]} 4. e3 {[%clk 1:30:30]} Nc6
{[%clk 1:30:30]} 5. c3 {[%clk 1:30:30]} Bf5 {[%clk 1:30:30]} 6. dxc5 {[%clk
1:30:30]} e6 {[%clk 1:30:30]} 7. b4 {[%clk 1:30:30]} a5 {[%clk 1:30:30]} 8. b5
{[%clk 1:30:30]} Na7 {[%clk 1:30:30]} 9. b6 {[%clk 1:30:30]} Nc6 {[%clk 1:30:30]}
10. Nd4 {[%clk 1:30:30]} Nd7 {[%clk 1:30:30]} 11. Nb5 {[%clk 1:30:30]} Bxc5
{[%clk 1:30:30]} 12. Nc7+ {[%clk 1:30:30]} Ke7 {[%clk 1:30:30]} 13. Nxa8 {[%clk
1:30:30]} Qxa8 {[%clk 1:30:30]} 14. Bd3 {[%clk 1:30:30]} Bxd3 {[%clk 1:30:30]}
15. Qxd3 {[%clk 1:30:30]} Bxb6 {[%clk 1:30:30]} 16. Nd2 {[%clk 1:30:30]} a4
{[%clk 1:30:30]} 17. O-O {[%clk 1:30:30]} Qa5 {[%clk 1:30:30]} 18. Rab1 {[%clk
1:30:30]} e5 {[%clk 1:30:30]} 19. Bg3 {[%clk 1:30:30]} e4 {[%clk 1:30:30]} 20.
Qb5 {[%clk 1:30:30]} Ke6 {[%clk 1:30:30]} 21. c4 {[%clk 1:30:30]} Qxd2 {[%clk
1:30:30]} 22. Rfd1 {[%clk 1:30:30]} Na7 {[%clk 1:30:30]} 23. Qxb6+ {[%clk
1:30:30]} Nxb6 {[%clk 1:30:30]} 24. Rxb6+ {[%clk 1:30:30]} Kd7 {[%clk 1:30:30]}
25. Rxd2 {[%clk 1:30:30]} Rc8 {[%clk 1:30:30]} 26. Rxb7+ {[%clk 1:30:30]} Ke8
{[%clk 1:30:30]} 27. Rxa7 {[%clk 1:30:30]} Rxc4 {[%clk 1:30:30]} 28. h4 {[%clk
1:30:30]} 1-0

[Event "Irena Warakomska Memorial B"]
[Site "chessmanager.com"]
[Date "2018.08.05"]
[Round "6"]
[White "Sukhimski, Vladimir"]
[Black "Zielinski, Konrad"]
[Result "1/2-1/2"]
[Board "21"]
[WhiteElo "2083"]
[WhiteCountry "UKR"]
[WhiteFideId "14102889"]
[WhiteEloChange "-8"]
[BlackElo "1646"]
[BlackCountry "POL"]
[BlackFideId "1164945"]
[BlackEloChange "8"]

1. Nf3 {[%clk 1:30:30]} e6 {[%clk 1:30:30]} 2. d3 {[%clk 1:30:30]} Nf6 {[%clk
1:30:30]} 3. g3 {[%clk 1:30:30]} d5 {[%clk 1:30:30]} 4. Bg2 {[%clk 1:30:30]} Be7
{[%clk 1:30:30]} 5. O-O {[%clk 1:30:30]} O-O {[%clk 1:30:30]} 6. Nbd2 {[%clk
1:30:30]} b6 {[%clk 1:30:30]} 7. e4 {[%clk 1:30:30]} Bb7 {[%clk 1:30:30]} 8. e5
{[%clk 1:30:30]} Nfd7 {[%clk 1:30:30]} 9. Re1 {[%clk 1:30:30]} c5 {[%clk
1:30:30]} 10. Qe2 {[%clk 1:30:30]} Nc6 {[%clk 1:30:30]} 11. h4 {[%clk 1:30:30]}
Qc7 {[%clk 1:30:30]} 12. c3 {[%clk 1:30:30]} d4 {[%clk 1:30:30]} 13. c4 {[%clk
1:30:30]} Nb4 {[%clk 1:30:30]} 14. Nf1 {[%clk 1:30:30]} b5 {[%clk 1:30:30]} 15.
a3 {[%clk 1:30:30]} Nc6 {[%clk 1:30:30]} 16. cxb5 {[%clk 1:30:30]} Na5 {[%clk
1:30:30]} 17. Bf4 {[%clk 1:30:30]} Nb3 {[%clk 1:30:30]} 18. Rab1 {[%clk 1:30:30]}
Qa5 {[%clk 1:30:30]} 19. N1d2 {[%clk 1:30:30]} Nxd2 {[%clk 1:30:30]} 20. Bxd2
{[%clk 1:30:30]} Qxb5 {[%clk 1:30:30]} 21. Rec1 {[%clk 1:30:30]} Rab8 {[%clk
1:30:30]} 22. b4 {[%clk 1:30:30]} Bxf3 {[%clk 1:30:30]} 23. Bxf3 {[%clk 1:30:30]}
cxb4 {[%clk 1:30:30]} 24. Bc6 {[%clk 1:30:30]} Qxe5 {[%clk 1:30:30]} 25. Qd1
{[%clk 1:30:30]} Qc7 {[%clk 1:30:30]} 26. axb4 {[%clk 1:30:30]} Rb6 {[%clk
1:30:30]} 27. b5 {[%clk 1:30:30]} Rbb8 {[%clk 1:30:30]} 28. Ra1 {[%clk 1:30:30]}
Nc5 {[%clk 1:30:30]} 29. Bb4 {[%clk 1:30:30]} Qe5 {[%clk 1:30:30]} 30. Qc2 {[%clk
1:30:30]} Nxd3 {[%clk 1:30:30]} 31. Bxe7 {[%clk 1:30:30]} Nxc1 {[%clk 1:30:30]}
32. Qxc1 {[%clk 1:30:30]} Rfc8 {[%clk 1:30:30]} 33. Qg5 {[%clk 1:30:30]} Qxg5
{[%clk 1:30:30]} 34. hxg5 {[%clk 1:30:30]} d3 {[%clk 1:30:30]} 35. Rd1 {[%clk
1:30:30]} a6 {[%clk 1:30:30]} 36. Bd6 {[%clk 1:30:30]} Rb6 {[%clk 1:30:30]} 37.
Bc5 {[%clk 1:30:30]} Rbb8 {[%clk 1:30:30]} 38. Ba7 {[%clk 1:30:30]} axb5 {[%clk
1:30:30]} 39. Bxb8 {[%clk 1:30:30]} Rxb8 {[%clk 1:30:30]} 40. Rxd3 {[%clk
1:30:30]} Kf8 {[%clk 1:30:30]} 41. Kf1 {[%clk 1:30:30]} b4 {[%clk 1:30:30]} 42.
Ba4 {[%clk 1:30:30]} h6 {[%clk 1:30:30]} 43. gxh6 {[%clk 1:30:30]} gxh6 {[%clk
1:30:30]} 44. Ke2 {[%clk 1:30:30]} Ke7 {[%clk 1:30:30]} 45. Kd2 {[%clk 1:30:30]}
f5 {[%clk 1:30:30]} 46. Kc2 {[%clk 1:30:30]} Kf6 {[%clk 1:30:30]} 47. f4 {[%clk
1:30:30]} h5 {[%clk 1:30:30]} 48. Kb3 {[%clk 1:30:30]} Rh8 {[%clk 1:30:30]} 49.
Kxb4 {[%clk 1:30:30]} h4 {[%clk 1:30:30]} 50. gxh4 {[%clk 1:30:30]} Rxh4 {[%clk
1:30:30]} 51. Rd4 {[%clk 1:30:30]} Rh1 {[%clk 1:30:30]} 52. Kc4 {[%clk 1:30:30]}
Re1 {[%clk 1:30:30]} 53. Bc2 {[%clk 1:30:30]} e5 {[%clk 1:30:30]} 54. Rd6+ {[%clk
1:30:30]} Ke7 {[%clk 1:30:30]} 55. fxe5 {[%clk 1:30:30]} Rxe5 {[%clk 1:30:30]}
56. Ra6 {[%clk 1:30:30]} Re6 {[%clk 1:30:30]} 57. Ra7+ {[%clk 1:30:30]} Kf6
{[%clk 1:30:30]} 58. Kd4 {[%clk 1:30:30]} Rd6+ {[%clk 1:30:30]} 59. Ke3 {[%clk
1:30:30]} Kg5 {[%clk 1:30:30]} 60. Rg7+ {[%clk 1:30:30]} Rg6 {[%clk 1:30:30]} 61.
Rf7 {[%clk 1:30:30]} Rf6 {[%clk 1:30:30]} 62. Rc7 {[%clk 1:30:30]} Re6+ {[%clk
1:30:30]} 63. Kd4 {[%clk 1:30:30]} f4 {[%clk 1:30:30]} 64. Rg7+ {[%clk 1:30:30]}
Kh4 {[%clk 1:30:30]} 65. Be4 {[%clk 1:30:30]} Re8 {[%clk 1:30:30]} 66. Bf3 {[%clk
1:30:30]} Re6 {[%clk 1:30:30]} 67. Rg4+ {[%clk 1:30:30]} Kh3 {[%clk 1:30:30]} 68.
Rxf4 {[%clk 1:30:30]} Kg3 {[%clk 1:30:30]} 69. Rf7 {[%clk 1:30:30]} Re8 {[%clk
1:30:30]} 70. Be4 {[%clk 1:30:30]} Kg4 {[%clk 1:30:30]} 71. Ke3 {[%clk 1:30:30]}
Re5 {[%clk 1:30:30]} 72. Rf1 {[%clk 1:30:30]} Kg5 {[%clk 1:30:30]} 73. Rg1+
{[%clk 1:30:30]} Kf6 {[%clk 1:30:30]} 74. Rg6+ {[%clk 1:30:30]} Kf7 {[%clk
1:30:30]} 75. Rg1 {[%clk 1:30:30]} Ra5 {[%clk 1:30:30]} 76. Kd4 {[%clk 1:30:30]}
Kf6 {[%clk 1:30:30]} 77. Rg6+ {[%clk 1:30:30]} Kf7 {[%clk 1:30:30]} 78. Rb6
{[%clk 1:30:30]} Rg5 {[%clk 1:30:30]} 79. Bd5+ {[%clk 1:30:30]} Ke7 {[%clk
1:30:30]} 80. Re6+ {[%clk 1:30:30]} Kd7 {[%clk 1:30:30]} 81. Kc5 {[%clk 1:30:30]}
Rf5 {[%clk 1:30:30]} 82. Re4 {[%clk 1:30:30]} Rg5 {[%clk 1:30:30]} 83. Rf4 {[%clk
1:30:30]} Rg7 {[%clk 1:30:30]} 84. Rf5 {[%clk 1:30:30]} Rh7 {[%clk 1:30:30]} 85.
Rf6 {[%clk 1:30:30]} Rg7 {[%clk 1:30:30]} 86. Rh6 {[%clk 1:30:30]} Ke7 {[%clk
1:30:30]} 87. Re6+ {[%clk 1:30:30]} Kd7 {[%clk 1:30:30]} 88. Re5 {[%clk 1:30:30]}
Rh7 {[%clk 1:30:30]} 89. Bc6+ {[%clk 1:30:30]} Kc7 {[%clk 1:30:30]} 90. Be4
{[%clk 1:30:30]} Rg7 {[%clk 1:30:30]} 91. Bf5 {[%clk 1:30:30]} Rf7 {[%clk
1:30:30]} 92. Kd5 {[%clk 1:30:30]} Kb6 {[%clk 1:30:30]} 93. Kd6 {[%clk 1:30:30]}
Rf6+ {[%clk 1:30:30]} 94. Be6 {[%clk 1:30:30]} Rf2 {[%clk 1:30:30]} 95. Rd5
{[%clk 1:30:30]} Rc2 {[%clk 1:30:30]} 96. Bd7 {[%clk 1:30:30]} Rb2 {[%clk
1:30:30]} 97. Rd4 {[%clk 1:30:30]} Rb1 {[%clk 1:30:30]} 98. Be8 {[%clk 1:30:30]}
Rb2 {[%clk 1:30:30]} 99. Bf7 {[%clk 1:30:30]} Kb5 {[%clk 1:30:30]} 100. Be8+
{[%clk 1:30:30]} Kb6 {[%clk 1:30:30]} 101. Bg6 {[%clk 1:30:30]} Kb5 {[%clk
1:30:30]} 102. Bd3+ {[%clk 1:30:30]} Kb6 {[%clk 1:30:30]} 103. Rd5 {[%clk
1:30:30]} Rb4 {[%clk 1:30:30]} 104. Bf5 {[%clk 1:30:30]} Rb5 {[%clk 1:30:30]}
105. Bd3 {[%clk 1:30:30]} Rxd5+ {[%clk 1:30:30]} 106. Kxd5 {[%clk 1:30:30]}
1/2-1/2